Weed flora of Fayoum (Egypt), one of the oldest agricultural regions in the world (Registro n. 4990)
[ somente texto ]
| 000 -LÍDER | |
|---|---|
| fixed length control field | 03402nab a2200289 i 4500 |
| 003 - CÓDIGO MARC DA AGÊNCIA CATALOGADORA | |
| Campo de controle | BR-BrBNA |
| 005 - DATA E HORA DA ÚLTIMA ATUALIZAÇÃO | |
| Campo de controle | 20230905135710.0 |
| 008 - CAMPO DE TAMANHO FIXO | |
| fixed length control field | 230404b2018 bl.ar|pooa||| 00| 0 eng | |
| 040 ## - FONTE DA CATALOGAÇÃO | |
| Agência catalogadora | BR-BrBNA |
| Idioma da catalogação | eng |
| 072 ## - CATEGORIA AGRIS | |
| Código AGRIS | H60 |
| 100 ## - ENTRADA PRINCIPAL - NOME PESSOAL | |
| Nome pessoal | Al-Sherif, E.A. |
| 100 ## - ENTRADA PRINCIPAL - NOME PESSOAL | |
| Nome pessoal | Ismael, M.A. |
| 100 ## - ENTRADA PRINCIPAL - NOME PESSOAL | |
| Nome pessoal | Karam, M.A. |
| 100 ## - ENTRADA PRINCIPAL - NOME PESSOAL | |
| Nome pessoal | Elfayoumi, H.H. |
| 245 ## - TÍTULO PRINCIPAL | |
| Título principal | Weed flora of Fayoum (Egypt), one of the oldest agricultural regions in the world |
| 500 ## - NOTA GERAL | |
| Nota geral | Publicação on-line; 36 ref.; 3 tables; 4 illus.; Summaries (En, Pt) |
| 942 ## - ADDED ENTRY ELEMENTS (KOHA) | |
| Koha item type | |
| 520 ## - NOTA DE RESUMO | |
| Nota de conteúdo | <br/><br/>ABSTRACT - Fayoum region is the most fertile agricultural land in Egypt and one of<br/>the oldest agricultural city in the world. The present study aimed to determine its<br/>weed flora composition and its distribution through different habitats. Results<br/>recorded 175 species of vascular plants belonging to 124 genera and 35 families<br/>distributed in eight habitats. The richest families were Poaceae, Asteraceae<br/>(Compositae) and Fabaceae (Leguminoseae), while genera with the highest number<br/>of species were Euphorbia, Amaranthus and Cyperus. Cynodon dactylon and Alhagi<br/>graecorum were the present species, recorded at all habitats. Old cultivated lands<br/>recorded the highest species number followed by orchard habitats, on the contrast<br/>road side and wasteland habitats recorded the lowest species numbers. Therophytes<br/>were the dominant life form, while Phanerophytes were the smallest group in this<br/>study, 5%. The highest Jaccard similarity index was recorded between healthy land<br/>and orchard habitats, which supported also by ward classification.<br/><br/>Keywords: arable fields, weed, therophytes, agriculture, flora. |
| 520 ## - NOTA DE RESUMO | |
| Nota de conteúdo | <br/><br/>RESUMO - A região de Faium é a área agrícola mais fértil do Egito e uma das mais<br/>antigas cidades agrícolas do mundo. O presente estudo teve como objetivo<br/>determinar a composição da flora de plantas daninhas e sua distribuição através<br/>de diferentes habitats. Os resultados registraram 175 espécies de plantas vasculares<br/>pertencentes a 124 gêneros e 35 famílias, distribuídos em oito habitats. As famílias<br/>mais ricas foram Poaceae, Asteraceae (Compositae) e Fabaceae (Leguminoseae),<br/>enquanto os gêneros com maior número de espécies foram Euphorbia, Amaranthus<br/>e Cyperus. Cynodon dactylon e Alhagi graecorum foram as espécies presentes,<br/>registradas em todos os habitats. As antigas terras cultivadas registraram o maior<br/>número de espécies, seguidas dos habitats com pomares, ao contrário das margens<br/>de estradas e dos habitats de terras baixas, que registraram o menor número. Os<br/>terófitos foram a forma de vida dominante, e os fanerófitos foram o menor grupo<br/>neste estudo (5%). O maior índice de similaridade de Jaccard foi registrado entre<br/>as terras saudáveis e o habitat com pomares, o que também foi confirmado pelo<br/>método de Ward.<br/><br/>Palavras-chave: terra arável, plantas daninhas, terófitos, agricultura, flora. |
| 650 ## - ASSUNTO - THESAGRO | |
| Cabeçalho tópico ou nome geográfico | ERVA DANINHA |
| 650 ## - ASSUNTO - THESAGRO | |
| Cabeçalho tópico ou nome geográfico | EGITO |
| 650 ## - ASSUNTO - THESAGRO | |
| Cabeçalho tópico ou nome geográfico | FLORA |
| 650 ## - ASSUNTO - THESAGRO | |
| Cabeçalho tópico ou nome geográfico | AGRICULTURA |
| 773 0# - ENTRADA ANALÍTICA | |
| Host Biblionumber | 886 |
| Registro do item | 1815 |
| Imprenta | Londrina-PR : Sociedade Brasileira da Ciência das Plantas Daninhas, 1978 |
| Outro identificador | 2023-031022 |
| Título | Planta Daninha (Brazil) |
| ISSN | 0100-8358; 1806-9681 (on-line) |
| Colação | v. 36 p. 1-11; (2018) |
| Número de controle de registro | BR2023000034 |
| 856 ## - ACESSO E ENDEREÇO ELETRÔNICO | |
| Identificador uniforme de recurso - URI | https://www.scielo.br/j/pd/a/H7tSqL8L9Ycf4Z8XJ34PjgP/?format=pdf&lang=en |
Nenhum exemplar disponível.

BINAGRI